00631nam a2200193Ia 4500008004100000082001600041100001800057245002000075250000800095260003300103300000900136500002400145650001600169700001800185942000700203952010500210952010500315999001700420230524s9999 xx 000 0 und d a621.38bPAN aSujata Pandey 0aVLSI Technology a1ST aNEW DELHIbDhanpat Raic2005 a7.39 aQuantity Number: 2 aElectronics a Manoj Pandey cBK 00104070aTATCLbTATCLcGENd2023-05-24l0o621.38 PANp6135r2023-05-24w2023-05-24yBKzCPEC5404 00104070aTATCLbTATCLcGENd2023-05-24l0o621.38 PANp6136r2023-05-24w2023-05-24yBKzCPEC5404 c26209d26209